Délmagyarország. - 1952. február 16., Szombat
Elmentve itt :
| Dokumentumtípus: | Újság |
|---|---|
| Megjelent: |
1952-02-16
|
| Sorozat: | Délmagyarország
8 No. 39 |
| Online Access: | http://dmarchiv.bibl.u-szeged.hu/12468 |
| LEADER | 00488nas a2200145 i 4500 | ||
|---|---|---|---|
| 001 | delm12468 | ||
| 005 | 20200414160343.0 | ||
| 008 | 171214s1952 hu n o 0|| hun d | ||
| 022 | |a 0133-025X | ||
| 040 | |a SZTE Délmagyarország Archívum |b hun | ||
| 041 | |a hun | ||
| 245 | 0 | 0 | |a Délmagyarország. - 1952. február 16., Szombat |h [elektronikus dokumentum] |
| 260 | |c 1952-02-16 | ||
| 490 | 0 | |a Délmagyarország |v 8 No. 39 | |
| 856 | 4 | 0 | |u http://dmarchiv.bibl.u-szeged.hu/12468/1/dm_1952_039.pdf |z Dokumentum-elérés |